O grande livro ilustrado da fotografia (Registo nº 200955)

Detalhes MARC
000 -Etiqueta do registo
Valores 00606nam 22001813 4500
100 ## - Dados gerais de processamento
Dados gerais 20260304d u||y0pory50 ba
200 ## - Titulo e menção de responsabilidade
Título próprio O grande livro ilustrado da fotografia
Primeira menção de responsabilidade John Hedgecoe
Outras menções de responsabilidade tradução e revisão técnica Joaquim Lobo
210 ## - Publicação
Local de publicação Lisboa
Nome do editor Círculo de Leitores
Data de publicação imp. 1982
215 ## - Descrição física 
Paginação / Volumes 206, [3] p.
Outras indicações físicas il. ; encadernado
Dimensões 30 cm
606 ## - Nome comum usado como assunto
ID Autoridade 4512
Palavra de ordem Fotografia e processos similares
675 ## - CDU
Notação 77
Edição PT
Língua por
700 ## - Autor principal (pessoa individual)
ID Autoridade 16630
Apelido Hedgecoe
Nome John
Datas 1932-2010
702 ## - Autor secundário (pessoa individual)
ID Autoridade 16631
Apelido Lobo
Nome Joaquim
Datas 1944-2011
801 ## - Fonte de origem
País PT
Agência BMMN
Regras de catalogação RPC
830 ## - Notas gerais do catalogador
Criado por Vanda
990 ## - Elementos KOHA
Tipo de documento Livro
Exemplares
Situação do levantamento Biblioteca de origem Código de barras Cota Permissão de empréstimo Tipo de documento Forma de aquisição
  Biblioteca Municipal de Montemor-o-Novo 30219 77 HED|DEP   Livro Compra

Powered by Koha